| 000 | 00476nam a2200181Ia 4500 | ||
|---|---|---|---|
| 001 | 1757 | ||
| 005 | 20260306143752.0 | ||
| 008 | 260306t1979||||xx |||||||||||||| ||spa|| | ||
| 041 | _aESP | ||
| 082 |
_a155.2842 _bB71 1979 |
||
| 100 |
_aBohm, Edwald, _eAUT |
||
| 245 | 0 | _aManual del psicodiagnóstico de Rorschach para psicólogos, médicos y pedagogos | |
| 260 | _c1979 | ||
| 300 |
_a559 páginas : _c17 cm. |
||
| 650 | _aGEN | ||
| 654 | _aCPS | ||
| 942 |
_cLIB _dJUS _fJUS _2ddc _n |
||
| 999 |
_c1757 _d1757 |
||